Quizzes
Events
Quiz Creation
Community
Videos
Private Events
Remove Ads
Sign In
Join for FREE
Feedback
Dark Mode
Quiz Categories
Sports
Geography
Music
Movies
Television
Just For Fun
Miscellaneous
History
Literature
Language
Science
Gaming
Entertainment
Religion
Holiday
For Kids
Quiz Lab
Recent
Popular Today
Quiz Kudos Today
Editor Picks
Curator Picks
Quizzes by...
Day
Popularity
Type
Ratings
Length
Year
Community
Subscriptions
Recent Discussions
Orange Saloon
Badges
Playlists
Quests
Create
Leaderboards
Showdown
Live 5
Trivia Bingo
Activity
Puzzle Library
Sporcle Events
Private Events
Virtual Trivia
Globe League
Become a Host
Pub Owners
SporcleCon
Opinionation
Our Games
Videos
Blog
Mobile Apps
Partnerships
Remove Ads and Go Orange
Feedback
Just For Fun
Clickable
Get the Picture
Humor
Quick Pick
Word Ladder
Missing Word
Mixed Word
Blitz
Minefield
This or That
Alphabet
Color
Typing
Sporcle
Puzzle
Word Play
Follow That Line
Logic
Just For Fun
Clickable
Get the Picture
Humor
Quick Pick
Word Ladder
Missing Word
Mixed Word
Blitz
Minefield
This or That
Alphabet
Color
Typing
Sporcle
Puzzle
Word Play
Follow That Line
Logic
Random Quiz
Search Sporcle
×
Quiz Lab
Quiz Lab
Just For Fun
2011
Type in answers that appear in a list
Type in answers that appear in a list
Classic
Best Score? Go Orange.
Top names of 2011 (Girls) Stats
Can you name the Top names of 2011?
By
lauraaaaa
20m
100 Questions
59 Plays
59 Plays
59 Plays
Comments
Comments
Give Quiz Kudos
Give Quiz Kudos
-
- Ratings
hide this ad
Replay
Link that replays current quiz
Next Quiz
Link to next quiz in quiz playlist
You Got
0%
They Got
Avg Score
67%
Avg Friend Score
Upgrade to see
Score Distribution
Jump to the score distribution portion of the page
Score
0/100
Timer
20:00
0
Plays Today
Name
% Correct
Ava
91.5%
Abigail
89.8%
Anna
89.8%
Alexis
89.8%
Alexa
88.1%
Sarah
86.4%
Alexandra
86.4%
Elizabeth
84.7%
Emma
83.1%
Chloe
83.1%
Hannah
83.1%
Samantha
83.1%
Sophia
81.4%
Isabella
81.4%
Emily
81.4%
Grace
81.4%
Lauren
81.4%
Katherine
81.4%
Olivia
79.7%
Madison
79.7%
Addison
79.7%
Sophie
78%
Audrey
78%
Aria
78%
Kayla
78%
Ella
76.3%
Aubrey
76.3%
Lily
74.6%
Mia
74.6%
Avery
74.6%
Arianna
74.6%
Claire
74.6%
Aaliyah
74.6%
Allison
74.6%
Name
% Correct
Maria
74.6%
Natalie
72.9%
Maya
72.9%
Victoria
72.9%
Caroline
72.9%
Kate
72.9%
Hailey
71.2%
Kaylee
71.2%
Layla
71.2%
Charlotte
71.2%
Kylie
71.2%
Abby
71.2%
Peyton
69.5%
Alyssa
69.5%
Jasmine
69.5%
Brooklyn
67.8%
Gabriella
67.8%
Makayla
67.8%
Isabelle
67.8%
Taylor
67.8%
Bailey
67.8%
Mackenzie
67.8%
Eva
67.8%
Brooke
67.8%
Ashlyn
67.8%
Madelyn
66.1%
Riley
66.1%
Bella
66.1%
Jordyn
66.1%
Savannah
64.4%
Evelyn
64.4%
Leah
64.4%
Sydney
64.4%
Brianna
64.4%
Name
% Correct
Annabelle
64.4%
Morgan
64.4%
Julia
62.7%
Violet
62.7%
Kaitlyn
61%
Nevaeh
61%
Paige
61%
Stella
59.3%
Kendall
59.3%
Lillian
57.6%
Kennedy
57.6%
Jocelyn
57.6%
Amelia
55.9%
Liliana
55.9%
Sadie
55.9%
Hadley
54.2%
Penelope
52.5%
Ellie
50.8%
Molly
50.8%
Elise
49.2%
Gianna
49.2%
Harper
47.5%
Reagan
47.5%
Sienna
47.5%
Piper
47.5%
Scarlett
45.8%
Lucy
44.1%
Juliana
44.1%
Lila
42.4%
Keira
42.4%
Nora
42.4%
Summer
40.7%
Quiz Playlist
Details
Report
Send in Message
Add To Playlist
Classic:
Type in answers that appear in a list
Last Updated: Feb 16, 2017
Quiz Scoreboard
CHALLENGE
Sign Up to Join the Scoreboard
Show All
Scores
Hide
Comments
May contain spoilers
Recently Published
Movies - When Are They Set?
by FPL_Elf
Movies
5m
Popular People in 1961
by mucciniale
History
6m
1-10 Letter E Words III
by El_Dandy
Language
2m
More to Explore
Quiz From the Vault
Featured Blog Post
Where Did the Easter Bunny Come From?
hide this ad
You Might Also Like...
Tags
2011
Today's Top Quizzes in Just For Fun
Browse Just For Fun
hide this ad
Today's Top Quizzes in 2011
Browse 2011
Top Contributed Quizzes in Just For Fun
1
Harry Potter Logic - 'In Chains' II
2
Crossword Whiteout! 49
3
Survivor Winners Logic Puzzle
4
one piece logic puzzle
5
Letter's Position in the Alphabet Blitz
6
Thermometer Puzzle 25
7
Aquarium Logic Puzzle 17
8
Big Thermometer Puzzle 21
9
Edinburgh Fringe jokes 2015
10
Word Ladder: Ahoy Matey
Explore More
Trending Topics
Disney
Harry Potter
Anime
Kpop
NBA
Marvel
Crossword
NFL
The Office
Pokémon
Soccer
Puzzle
WWE
Country
Song
hide this ad
More By:
lauraaaaa
Quiz
Plays
Rating
Category
Featured
Created
Walkers Crisps
366
5.00
Just For Fun
Mar 24, 2012
Top 20 girl names 2012
124
1.67
Just For Fun
Mar 25, 2012
Potter Puppet Pals- Snape's diary
114
1.00
Television
Apr 25, 2012
Songs on Just Dance 2 Wii
103
3.00
Just For Fun
Mar 27, 2012
Top 20 boy names 2012
64
Just For Fun
Mar 26, 2012
Go to Creator's Profile
Score Distribution
Quiz Creator Spotlight
lauraaaaa
Follow
Send a Message
Quizzes Created
-
Created Quiz Play Count
-
More By This Creator
Popular Quizzes Today
1
Find the US States - No Outlines Minefield
2
Find the Countries of Europe - No Outlines Minefield
3
The Countries of the World
4
Popular People in 1961
5
1-10 Letter E Words III
6
US States
7
Find the US States
8
One Thing in Common: World Cities II
More Just For Fun Quizzes
Quick Pick: Prince
Published
Trending Quizzes
Risky Map Clicking: Least Populous States A-Z
1-10 Letter F Words
1-10 Letter G Words
One Thing in Common: United Kingdom
Risky Map Clicking: Next State Alphabetically
Recently Updated
Leaping Animals
pecheneg
Reality TV Shows (A-Z)
bhenderson79
Rickey Henderson's Hall of Fame Teammates
pecheneg
Champions League XIs: Arsenal
pecheneg
Quick Pick: Celebrities in WWE's Hall of Fame
aduchscher
A-Z Keypad Blitz II
pecheneg
Multiple Oscar Actors
pecheneg
Mystery Phrase Blitz: Oscar 'Best Actors'
pecheneg
F. Scott Fitzgerald Novels
LTH
Pick 3 Villains
ddd62291
Trending Topics
Anime
Marvel
Kpop
Disney
NBA
Harry Potter
Crossword
Pokémon
Country
WWE
NFL
Puzzle
The Office
Soccer
Song
Your Account Isn't Verified!
In order to create a playlist on Sporcle, you need to verify the email address you used during registration. Go to your
Sporcle Settings
to finish the process.
Report this User
Report this user for behavior that violates our
Community Guidelines
.
Details:
Send Report
Go to the Sporcle.com Mobile Site →
Comments